000 01675nam0a2200337 4500
001 RU\NLR\bibl\1702766
005 20260406044352.0
010 _a978-5-9991-0085-6
_91500
021 _aRU
_b2010-81316
_95415
035 _a(NLR Aleph) 001693835
090 _a1177619
_c1177619
100 _a20101120d2010 |||y0rusy50 ca
101 0 _arus
102 _aRU
105 _aa |||||||||
200 1 _aАнтикризисное управление
_eучебное пособие для студентов экономического факультета
_e[по специальности 080505 "Менеджмент организации"]
_fМакаров П.И., Шакиров Р.В.
_gФедер. агентство по образованию РФ, Ин-т соц. и гуманит. знаний, Экон. фак.
205 _a2-е изд.
210 _aКазань
_cЮниверсум
_d2010
215 _a58 с.
_cил.
_d21
225 1 _aСистема дистанционного обучения
320 _aБиблиогр.: с. 57-58 и в тексте
606 1 _aАнтикризисное управление
_jУчебные издания для дистанционного обучения
_yРоссийская Федерация
_92123510
_3RU\NLR\auth\661281993
686 _aУ9(2)-971(2Р)я73
700 1 _4070
_8rus
_7ca
_aМакаров
_bП. И.
_cд-р техн. наук.
_gПетр Ильич
_3RU\NLR\auth\774244
_9114226
701 1 _aШакиров
_bР. В.
_gРоберт Вафич
_4070
801 0 _aRU
_bNLR
_c20101120
_gRCR
801 1 _aRU
_bNLR
_c20101120
942 _cBOOK
980 _aNB
980 _aNBR